Análisis multitemporal de la estructura del paisaje en el Distrito Capital años 1991-2012 / (Registro nro. 19098)

Detalles MARC
000 -CABECERA
Campo de control 01072nam a2200265 a 4500
005 - FECHA Y HORA DE LA ULTIMA TRANSACCION
Campo de control 20200104041751.0
008 - ELEMENTOS DE LONGITUD FIJA—INFORMACION GENERAL
Campo de control 161022s2013 ck abd||r|||| 00| 0 spa d
020 ## - ISBN
ISBN 9789588576169
040 ## - FUENTE DE CATALOGACIÓN
Agencia catalogadora original CO-BoIAVH
Agencia transcriptora CO-BoIAVH
041 0# - IDIOMA
Código de idioma para texto/pista de sonido o título separado Español
044 ## - PAÍS DE PUBLICACIÓN
País de publicación Colombia
082 04 - NUMERO DE CLASIFICACION DECIMAL DEWEY
Número de clasificación 577.27
Número del ítem I73a
100 1# - ASIENTO PRINCIPAL--NOMBRE PERSONAL
Nombre personal Isaacs Cubides, Paola Johanna
Término relacionado autora
9 (RLIN) 76999
245 10 - MENCION DE TITULO
Título Análisis multitemporal de la estructura del paisaje en el Distrito Capital años 1991-2012 /
Mención de responsabilidad Paola Johanna Isaacs Cubides y Vilma Isabel Jaimes Sánchez
260 ## - PUBLICACION, DISTRIBUCION, ETC. (PIE DE IMPRENTA)
Lugar de publicación, distribución, etc. Bogotá :
Nombre del editor, distribuidor, etc. Jardín Botánico de Bogotá José Celestino Mutis,
Fecha de publicación, distribución, etc. 2013.
300 ## - DESCRIPCION FISICA
Extensión 65 páginas :
Otros detalles físicos ilustraciones a color, mapas y fotografías a color ;
Dimensiones 28 x 22 cm.
504 ## - NOTA DE BIBLIOGRAFIA, ETC.
Nota de bibliografía Incluye referencias bibliográficas: páginas 65-67.
650 26 - ASIENTO SECUNDARIO DE MATERIA - TERMINO TEMATICO
Término temático o nombre geográfico como elemento de entrada Ecología vegetal
9 (RLIN) 353
650 26 - ASIENTO SECUNDARIO DE MATERIA - TERMINO TEMATICO
Término temático o nombre geográfico como elemento de entrada Cobertura verde
9 (RLIN) 77001
650 26 - ASIENTO SECUNDARIO DE MATERIA - TERMINO TEMATICO
Término temático o nombre geográfico como elemento de entrada Deforestación
9 (RLIN) 266
650 26 - ASIENTO SECUNDARIO DE MATERIA - TERMINO TEMATICO
Término temático o nombre geográfico como elemento de entrada Conservación de la diversidad biológica
9 (RLIN) 77003
651 #4 - ASIENTO SECUNDARIO DE MATERIA - NOMBRE GEOGRAFICO
Nombre geográfico Bogotá (Colombia)
9 (RLIN) 77004
700 1# - ASIENTO SECUNDARIO - NOMBRE PERSONAL
Nombre personal Jaimes Sánchez, Vilma Isabel
Término de relación autora
9 (RLIN) 38117
942 ## - ELEMENTOS ADICIONALES (KOHA)
Sistema de clasificación Dewey Decimal Classification
Tipo de ítem Libro
Existencias
Withdrawn status Lost status Sistema de Clasificación Damaged status No para préstamo Colección Inventariado Ubicación Permanente Ubicación actual Fecha de adquisición Fuente de Valor Valor Total Checkouts Número topográfico Inventario / Código de Barras Date last seen Ejemplar Price effective from Forma de adquisición Tipo de material
    Dewey Decimal Classification     General Inventariado 2017 Bogotá Bogotá 22/10/2016 Instituto 39000.00   LB-577.27 I73a 040781 22/10/2016 Ej. 1 22/10/2016 Donación Libro
    Dewey Decimal Classification     General Inventariado 2017 Sala Fabio Quevedo Sala Fabio Quevedo 25/10/2016 Instituto 39000.00   LB-577.27 I73a 035264 25/10/2016 Ej. 2 25/10/2016 Donación Libro